Purchasing handbook : (Record no. 75975)
[ view plain ]
| 000 -LEADER | |
|---|---|
| fixed length control field | 00830nam a2200253 a 4500 |
| 001 - CONTROL NUMBER | |
| control field | 75975 |
| 003 - CONTROL NUMBER IDENTIFIER | |
| rucl marc code | BD-RjUL |
| 005 - DATE AND TIME OF LATEST TRANSACTION | |
| control field | 20211209082754.0 |
| 008 - FIXED-LENGTH DATA ELEMENTS--GENERAL INFORMATION | |
| fixed length control field | 190925s1958 nyuahk b 000 0 eng |
| 035 ## - SYSTEM CONTROL NUMBER | |
| System control number | (BD-RjUL)76194 |
| System control number | (OCoLC)552036 |
| 040 ## - CATALOGING SOURCE | |
| Original cataloging agency | DLC |
| Transcribing agency | OClU |
| Modifying agency | OCoLC |
| -- | NcRS |
| -- | Uk |
| -- | DLC |
| -- | BD-RjUL |
| 082 ## - DEWEY DECIMAL CLASSIFICATION NUMBER | |
| Classification number | 658.72 |
| Author mark and year | ALP 1958 |
| 100 1# - MAIN ENTRY--PERSONAL NAME | |
| Personal name | Aljian, George W., |
| 9 (RLIN) | 233238 |
| 245 10 - TITLE STATEMENT | |
| Title | Purchasing handbook : |
| Remainder of title | standard reference book on purchasing policies, practices, procedures, contracts, and forms / |
| Statement of responsibility, etc. | George W. Aljian. |
| 260 ## - PUBLICATION, DISTRIBUTION, ETC. (IMPRINT) | |
| Place of publication, distribution, etc. | New York : |
| Name of publisher, distributor, etc. | McGraw-Hill, |
| Date of publication, distribution, etc. | 1958. |
| 300 ## - PHYSICAL DESCRIPTION | |
| Pagination | various pagings: |
| Illustrations | illus.; |
| Size | 24 cm. |
| 490 0# - SERIES STATEMENT | |
| Series statement | McGraw-Hill handbooks |
| 504 ## - BIBLIOGRAPHY, ETC. NOTE | |
| Bibliography, etc | Includes bibliographical references. |
| 650 #0 - SUBJECT ADDED ENTRY--TOPICAL TERM | |
| Topical term or geographic name as entry element | Purchasing. |
| 9 (RLIN) | 233239 |
| 942 ## - ADDED ENTRY ELEMENTS (KOHA) | |
| Source of classification or shelving scheme | Dewey Decimal Classification |
| Koha item type | Books |
| Lost status | Source of classification or shelving scheme | Damaged status | Not for loan | Collection code | Permanent Location | Current Location | Shelving location | Date acquired | Source of acquisition | Cost, normal purchase price | Total Checkouts | Full call number | Date last seen | Copy number | Koha item type |
|---|---|---|---|---|---|---|---|---|---|---|---|---|---|---|---|
| Dewey Decimal Classification | Not For Loan | Non-fiction | Central Library, University of Rajshahi | Central Library, University of Rajshahi | Reading Room | 08/12/1962 | Zeitlinger | 139.60 | 658.72 ALP 1958 | 25/09/2019 | C-1 | Books | |||
| Dewey Decimal Classification | Non-fiction | Central Library, University of Rajshahi | Central Library, University of Rajshahi | 25/03/1963 | 139.00 | 658.72 ALP 1958 | 16/10/2019 | C-2 | Books |